Antalya'nın İlçeleri - Statistics

General Stats
  • This quiz has been taken 72 times
  • The average score is 12 of 19
Answer Stats
Answer % Correct
Alanya
95%
Manavgat
83%
Kaş
80%
Kemer
78%
Konyaaltı
78%
Muratpaşa
73%
Serik
70%
Finike
60%
Kepez
60%
Aksu
55%
Gazipaşa
55%
Korkuteli
53%
Elmalı
52%
Kumluca
52%
Döşemealtı
50%
Demre
48%
Akseki
47%
İbradı
35%
Gündoğmuş
33%
No matching quizzes found
Score Distribution
Percent of People with Each Score
Percentile by Number Answered
Your Score History
You have not taken this quiz